| 000 | 01058cam a2200289 4500 | ||
|---|---|---|---|
| 001 | WB3638-29 | ||
| 008 | 000000n2000 000 0 eng u | ||
| 035 | _a(Sirsi) u108486 | ||
| 245 | _aDevelopers to gain regeneration tax incentives | ||
| 260 | _c2000 | ||
| 490 |
_aProperty Week _v65(37) 22 September 2000, 3 |
||
| 490 |
_aEstates Gazette _v0038(23) 23 September 2000, 39(2) |
||
| 520 | _aRegeneration projects for depressed areas should become more attractive to developers, with government proposals to introduce tax incentives including a zero rate of VAT on conversions and refurbishments. Also discusses proposals in the local government finance green paper. | ||
| 590 | _aWB | ||
| 650 | _aURBAN WHITE PAPER | ||
| 650 | _aGREEN PAPER | ||
| 650 | _aLOCAL GOVERNMENT FINANCE | ||
| 650 | _aTAX INCREMENTAL FINANCING | ||
| 650 | _aDEVELOPERS | ||
| 650 | _aVALUE ADDED TAX | ||
| 650 | _aCONVERSIONS | ||
| 650 | _aREFURBISHMENTS | ||
| 650 | _aURBAN TASK FORCE | ||
| 650 | _aURBAN REGENERATION | ||
| 690 | _aTAXATION | ||
| 942 | _n0 | ||
| 999 |
_c64770 _d64770 |
||